| 000 | 00866nam a22001817a 4500 | ||
|---|---|---|---|
| 008 | 110814s2006 xxu||||| |||| 00| 0 ara d | ||
| 020 | _a9953294852 | ||
| 082 |
_222 _a327.73 _bت ي ر |
||
| 100 | 1 |
_926666 _aتيري ، جانيس ج . |
|
| 245 |
_aالسياسة الخارجية الأميركية : _bدور جماعات الضغط والمجموعات ذات الاهتمامات الخاصة / _cجانيس ج . تيري ؛ ترجمة حسان البستاني |
||
| 260 |
_aبيروت : _bدار العربية للعلوم ، _c2006. |
||
| 300 |
_a240 ص ؛ _c24 سم. |
||
| 504 | _aيشتمل على إرجاعات ببليوجرافية 219 - 240 | ||
| 650 |
_926668 _aالولايات المتحدة الامريكية _xاحوال سياسية |
||
| 653 |
_bAra _cAugust2011 |
||
| 700 | 1 |
_926669 _aالبستاني ، حسان _eترجمة |
|
| 942 |
_2ddc _cBB |
||
| 999 |
_c15814 _d15814 |
||